000 00682nam a22002417a 4500
003 UA-OsUOA
001 130179
007 ta
008 20180412b un ||||| |||| 00| 0 ukr d
100 _aМейс Дж.
090 _a82-94(477)
_bМ45
942 _cBK
040 _aUA-OsUOA
_bukr
_cUA-OsUOA
_dUA-OsUOA
245 _aУкраїна: матеріалізація привидів
_cупор. Н. Дзюбенко-Мейс
300 _a688 с.
955 _a1
041 _aukr
080 _a82-94(477)
020 _a978-617-7023-50-9
260 _aК.
_bКліо
_c2016
650 7 _a82 Література. Літературознавство
_2UDC
999 _c417764
_d417764